Statistiques concernant Pays les plus proches des îles Féroé - sprint d'une minute

Cliquez ici pour prendre le quiz!

Statistiques générales

  • Ce quiz a été pris 61 fois
  • Le résultat moyen est 16 sur 20

Statistiques - réponses

kmpays% Correct
284Royaume-Uni
100%
434Islande
98%
579Norvège
98%
931Suède
98%
987Danemark
96%
670Irlande
96%
1385Finlande
93%
1272France
93%
1277Belgique
91%
1126Allemagne
89%
1137Pays-Bas
89%
1473Luxembourg
79%
1705Russie
77%
1486Pologne
72%
1588Estonie
70%
1631Lettonie
68%
1774Suisse
63%
1690Lituanie
61%
1691Tchequie
42%
1088Groenland
26%

Distribution des résultats

Percentile par nombre de réponses

% des personnes avec chaque résultat

Votre développement - résultats

Vous n’avez pas pris ce quiz